000 01060cam3a220030100 4500
001 qce00156872
005 20190816094451.0
008 780614s1953 nyu 000 0 eng u
010 _a 53011022
035 _a(Sirsi) r81545
035 _a(QCAT)lss01993148
035 _a(UPRA)qce00156872
040 _dUPRA
100 1 _aPatterson, Edwin Wilhite, 1889-1965.
_dPatterson, Edwin Wilhite, 1889-1965.
_6A36830.1
245 1 0 _aJurisprudence: men and ideas of the law.
250 _a1st printed ed.
260 _aBrooklyn :
_bFoundation Press,
_c1953.
440 0 _aUniversity textbook series
_6S1051.1
500 _aFirst published in 1940 under title: Lectures on jurisprudence.
500 _aFirst printed edition.
504 _aBibliography: p. 601-624.
504 _aBibliographical footnotes.
650 0 _aJurisprudence.
_6S3558.1
949 _aK24
_wlcc
_i-112972
_mMAIN
_tBOOK
_lON-SHELF
949 _aK24
_wlcc
_i33729001464242
_mMAIN
_p2500
_tBOOK
_lON-SHELF
949 _aK24
_wlcc
_i33729001464309
_mMAIN
_p2500
_tBOOK
_lON-SHELF
004 81545
999 _c83316
_d83316